Administrative Law (Record no. 3456)

MARC details
005 - DATE AND TIME OF LATEST TRANSACTION
control field 20250623114935.0
020 ## - INTERNATIONAL STANDARD BOOK NUMBER
International Standard Book Number 0-19-926995-5
082 ## - DEWEY DECIMAL CLASSIFICATION NUMBER
Classification number LM 342.42 WAD
100 ## - MAIN ENTRY--PERSONAL NAME
Author name WADE, W.
245 ## - TITLE STATEMENT
Title Administrative Law
250 ## - EDITION STATEMENT
Edition statement 9th Ed.
260 ## - PUBLICATION, DISTRIBUTION, ETC.
Place of publication, distribution, etc. New York,
Name of publisher, distributor, etc. Oxford University Press,
Date of publication, distribution, etc. 2010.
300 ## - PHYSICAL DESCRIPTION
Extent li, 855p.:Ill.; photo.
Other physical details Index,
Dimensions 24cm.
700 ## - ADDED ENTRY--PERSONAL NAME
Other authors/Editors WADE, W. & FORSYTH, C.
942 ## - ADDED ENTRY ELEMENTS (KOHA)
Source of classification or shelving scheme Dewey Decimal Classification
Koha item type Books
Holdings
Date last seen Total checkouts Full call number Barcode Cost, replacement price Price effective from Koha item type Lost status Source of classification or shelving scheme Damaged status Not for loan Withdrawn status Home library Current library Shelving location Date acquired Cost, normal purchase price
06/07/2025   LM 342.42 WAD 00000010823 352657.80 06/07/2025 Books   Dewey Decimal Classification       College of Business Education Main Library College of Business Education Main Library General Collection 04/22/2005 117552.60
06/07/2025   LM 342.42 WAD 00000010824 352657.80 06/07/2025 Books   Dewey Decimal Classification       College of Business Education Main Library College of Business Education Main Library General Collection 04/22/2005 117552.60